| 000 | 01560nam a2200325 a 4500 | ||
|---|---|---|---|
| 001 | ebr10460198 | ||
| 003 | CaPaEBR | ||
| 006 | m u | ||
| 007 | cr cn||||||||| | ||
| 008 | 101130s2011 dcu sb 001 0 eng d | ||
| 010 | _z 2010941952 | ||
| 020 | _z9781607506911 (hardcover) | ||
| 020 | _z9781607506928 (e-book) | ||
| 040 |
_aCaPaEBR _cCaPaEBR |
||
| 035 | _a(OCoLC)799818754 | ||
| 050 | 1 | 4 |
_aQA76.87 _b.I83 2010eb |
| 111 | 2 |
_aItalian Workshop on Neural Nets _n(20th : _d2010 : _cSalerno, Italy) |
|
| 245 | 1 | 0 |
_aNeural nets WIRN10 _h[electronic resource] : _bproceedings of the 20th Italian Workshop on Neural Nets / _cedited by Bruno Apolloni ... [et al.]. |
| 260 |
_aWashington, D.C. : _bIOS Press, _c2011. |
||
| 300 | _aix, 338 p. | ||
| 490 | 1 |
_aFrontiers in artificial intelligence and applications. Knowledge-based intelligent engineering systems, _x0922-6389 ; _vv. 226 |
|
| 504 | _aIncludes bibliographical references and indexes. | ||
| 533 |
_aElectronic reproduction. _bPalo Alto, Calif. : _cebrary, _d2011. _nAvailable via World Wide Web. _nAccess may be limited to ebrary affiliated libraries. |
||
| 650 | 0 |
_aNeural networks (Computer science) _vCongresses. |
|
| 655 | 7 |
_aElectronic books. _2local |
|
| 700 | 1 |
_aApolloni, Bruno, _d1946- |
|
| 710 | 2 | _aebrary, Inc. | |
| 830 | 0 |
_aFrontiers in artificial intelligence and applications. _pKnowledge-based intelligent engineering systems ; _vv. 226. |
|
| 856 | 4 | 0 |
_uhttp://site.ebrary.com/lib/rucke/Doc?id=10460198 _zAn electronic book accessible through the World Wide Web; click to view |
| 999 |
_c126257 _d126257 |
||